Responses for Show #8165 - Friday, February 21, 2020

MacKenzie Jones game 5.

Contestants

[<< previous game]

Jon Fuhrman, a retired IT manager from Pasadena, California

Kimberly Brazier, a social advertising strategist from Queens, New York

MacKenzie Jones, a program development director from Tulsa, Oklahoma (whose 4-day cash winnings total $111,202)

[next game >>]

Jeopardy! Round responses

FAMILIAR PHRASES
OOO, SORRY
YOU'RE OUT OF THE HOLE
MAKE A SELECTION
& FINALLY...
THE WRITERS ARE TRYING TO BE CLEVER
    $200 5
absence

Kimberly
    $200 1
culpa

Kimberly
    $200 17
moles

Kimberly
    $200 14
the Golden State Warriors

MacKenzie
    $200 21
The Rolling Stones

MacKenzie
    $200 9
Puritanism

Triple Stumper
    $400 6
(Kimberly: What is a snake?)

a fish

KimberlyJon
    $400 2
Japanese

MacKenzie
    $400 18
an armadillo

Kimberly
    $400 15
Peyton Manning

MacKenzie
    $400 22
(Jon: [*].)
(Alex: What is [*]? Remember your phrasing.)

the Moon

Jon
    $400 10
(Jon: [*]?)
(Alex: Who is [*]? Yes, remember your phrasing.)

George Bernard Shaw

Jon
    $1,000 7
(Alex: Jon?)
(Jon: Litmus test?)

the acid test

Jon
    $600 3
pardon

Kimberly
    $600 19
a sand dollar

Kimberly
    $600 16
Mike Piazza

Triple Stumper
    $600 23
(Alex: Yep. Less than a minute.)

A Chorus Line

MacKenzie
    $600 11
Twain

MacKenzie
    $800 8
pearls

MacKenzie
    $800 4
(MacKenzie: What is a hammer?)

a discus

MacKenzie
Triple Stumper
    $800 27
[The end-of-round signal sounds.]

Gretzky

MacKenzie
    $800 24
(Jon: [*]. What is--who [*]?)
(Alex: Thank you. You're getting the hang of it now.)

sign the Declaration of Independence

Jon
    $800 12
Dave Barry

Triple Stumper
    $1000 20
chain

MacKenzie
    $1000 26
Baker Mayfield

MacKenzie
    $1000 25
Macau

Jon
    $1000 13
David Sedaris

MacKenzie

Scores at the first commercial break (after clue 15):

MacKenzie Kimberly Jon
$2,600 $600 -$200

Scores at the end of the Jeopardy! Round:

MacKenzie Kimberly Jon
$6,200 $1,800 $2,000

Double Jeopardy! Round responses

PULITZER-WINNING JOURNALISM
FOOD & DRINK MOVIE QUOTES
IN THE ARTS WORLD
YOU KILLED ME!
SOUTH AMERICAN PLACES
3 "M"
(Alex: The letter M will come up three times in each correct response.)
    $400 14
the Los Angeles Times

Jon
    $400 1
a Royale

Kimberly
    $400 19
masks

Kimberly
    $400 10
(Jon: Who is John Kennedy?)

Lee Harvey Oswald

MacKenzieJon
    $400 22
skiing

MacKenzie
    $400 6
maximum

Jon
    $2,000 15
Ponzi

Jon
    $800 2
peas and carrots

Kimberly
    $800 20
(MacKenzie: What is a storyboard?)
[ERRATUM: The movie's title does not include a question mark.]

an individual animation cel

MacKenzie
Triple Stumper
    $800 11
Billy the Kid

Triple Stumper
    $800 23
Brasilia

Jon
    $800 7
mummification

Kimberly
    $1200 16
Bosnia

Triple Stumper
    $1200 3
[Alex imitates Hannibal Lecter's tongue slither after reading the clue.]
[Laughter]

liver

Kimberly
    $1200 21
Jackie Kennedy

Kimberly
    $1200 12
an asp

Kimberly
    $1200 24
Colombia

Jon
    $1200 8
summertime

Triple Stumper
    $1600 17
Kent State

MacKenzie
    $1600 4
Merlot

MacKenzie
    $1600 29
Banksy

MacKenzie
    $1600 13
(Jon: Who is Nasser?)

Anwar Sadat

Jon
Triple Stumper
    $5,000 25
(Jon: Uh... the Playa del Oro?)

the Rio de la Plata

Jon
    $1600 9
commemorative

MacKenzie
    $2000 18
Joe Arpaio

Jon
    $2000 5
syrup

Kimberly
    $2000 30
Turandot

Triple Stumper
    $2000 28
(MacKenzie: Who is More?)

Thomas à Becket

MacKenzie
Triple Stumper
    $2000 26
(Alex: Less than a minute now.)

Paramaribo

Triple Stumper
    $2000 27
(Jon: What is sleepwalking?)

somnambulism

Jon
Triple Stumper

Scores at the end of the Double Jeopardy! Round:

MacKenzie Kimberly Jon
$10,600 $9,800 -$200

[wagering suggestions for these scores]

Final Jeopardy! Round responses

INTERNATIONAL AWARD TROPHIES
(Alex: Ah, she's using two languages--English and French. What is "La [*]?" P-A-L-M-E in French. But you're correct; we don't penalize for misspelled words.)
KimberlyWhat is the BAFTA
$7,000
MacKenzieWhat is palm d'or?
$9,001
Palme d'Or

Final scores:

MacKenzie Kimberly Jon
$19,601 $2,800 -$200
5-day champion: $130,803 2nd place: $2,000 3rd place: $1,000

Game dynamics:

Coryat scores:

MacKenzie Kimberly Jon
$10,600 $9,800 $4,600
17 R,
3 W
14 R,
1 W
11 R
(including 1 DD),
5 W
(including 2 DDs)

Combined Coryat: $25,000

[game clues] [game scores] [suggest correction]

Game tape date: 2019-12-04
The J! Archive is created by fans, for fans. Scraping, republication, monetization, and malicious use prohibited; this site may use cookies and collect identifying information. See terms. The Jeopardy! game show and all elements thereof, including but not limited to copyright and trademark thereto, are the property of Jeopardy Productions, Inc. and are protected under law. This website is not affiliated with, sponsored by, or operated by Jeopardy Productions, Inc. Join the discussion at JBoard.tv.